000 02829cam a22002415a 4500
001 L150182
008 100610s2009 xxk f 000 0 eng d
020 _a9780080949581
035 _a(Sirsi) u150182
041 0 _aeng
100 1 _aGriffiths, Phil
245 0 0 _aJCT 2005
_bclause by clause
_h[electronic resource]
260 _bButterworth Heinemann
_c2009
300 _aeBook
505 2 _aPart 1 Contract Documentation -- Minor Works Building Contract -- Intermediate Building Contract -- Design and Build Contract -- Management Building Contract -- Constructing Excellence -- Prime Cost Building Contract -- Measured Term Contract -- Major Project Construction Contract -- Part 2 An Analysis of the SBC/Q -- Articles of Agreement -- Conditions -- Section 1 Definitions and Interpretation -- Section 2 Carrying out the Works -- Section 3 Control of the Works -- Section 4 Payment -- Section 5 Variations -- Section 6 Injury, Damage and Insurance -- Section 7 Assignment, Third Party Rights and Collateral Warranties -- Section 8 Termination -- Section 9 Settlement of Disputes -- Schedules -- Schedule 1 Contractor's Design Submission Procedure -- Schedule 2 Quotation -- Schedule 3 Insurance Options -- Schedule 4 Code of Practice -- Schedule 5 Third Party Rights -- Schedule 6 Forms of Bonds -- Schedule 7 Fluctuations Options -- Part 3 Legal Issues
520 _aThis work uses a novel clause-by-clause approach to explain the important JCT 2005 contract. It explains the meaning and relevance of each clause to avoid common misunderstandings. It includes up-to-date legal cases that explain the development and interpretation of the contract. The Joint Contracts Tribunal's suite of contracts (commonly known as JCT 2005) are the most commonly used in the UK to procure major building work. Understanding the contracts, and which to use, is vital knowledge for all students on construction-related HND or degree courses, but these clauses can contain convoluted language, leading to confusion. This guide takes the reader through the JCT 2005 building contracts clause by clause, in an easy-to-follow format, in simple but effective language that eliminates misinterpretation. Spilt into 3 sections, this book provides a summary of the current JCT Contracts, identifying which to use for what type of work, along with an analysis of their risk, liability, documentation, design responsibility and financial procedures, ensuring that "JCT 2005 Building Contract: Clause by Clause" is the vital, definitive reference for the aspiring construction professional.
590 _aka ntk
650 2 4 _aEBOOK
651 4 _aInternational
690 _aBUILT ENVIRONMENT-BUILDING CONTRACT FORMS
856 4 8 _uhttps://www.vlebooks.com/
_zView on VLEbooks. Logins for members only from [email protected]
942 _n0
999 _c110780
_d110780